000 03824namaa22004331i 4500
003 OSt
005 20260401131859.0
008 250827s2024 ua a|||frm||| 000 0 eng d
040 _aEG-GICUC
_bara
_cEG-GICUC
_dEG-GICUC
_erda
041 0 _aara
_bara
_beng
049 _aإيداع
082 0 4 _a725.7
092 _a725.7
_221
097 _aمــــاجستير
099 _aCai01.14.02.M.Sc.2024.نه.م
100 0 _a،نهى سليمان محمد عبد الله
_eإعداد.
245 1 2 _aالمعايير المنظمة لتصميم الحدائق في مصر القديمة حتى نهاية عصر الدولة الحديثة /
_cإعداد نهى سليمان محمد عبد الله؛ إشراف أ.د. زينب علي محمد محروس، أ.د. نهى أحمد عبد العزيز.
246 1 5 _aThe criteria organizing gardens’ design in ancient egypt until the end of the new kingdom /
264 0 _c2024.
300 _a328 صفحة :
_bإيضاحيات ؛
_c30 سم. +
_eCD.
336 _atext
_2rda content
337 _aUnmediated
_2rdamedia
338 _avolume
_2rdacarrier
502 _aأطروحة (ماجستير)-جامعة القاهرة، 2024.
504 _aببليوجرافيا: صفحات 320-328.
520 _aتتكون الرسالة من مقدمة، وتمهيد يقدم لأهمية الحدائق عند المصري القديم، وثلاثة أبواب. وملحق للوحات. يتناول الباب الأول المفردات الدالة على الحديقة والعاملين بها ويطرح تساؤل حول مصمم الحديقة. بينما يتناول الباب الثاني بالوصف والتحليل جميع النصوص والآثار والمناظر للوصول في نهايته لجدول يلخص معايير تصميم الحدائق في مصر القديمة حتى نهاية عصر الدولة الحديثة، وأثر العوامل البيئية والدينية والوظيفية على تلك المعايير، وأهم النماذج من الحضارة المصرية القديمة. ثم يقدم الباب الثالث تطبيقًا عمليًّا على تلك المعايير باقتراح إعادة إحياء حديقة موقع مجمع معابد الكرنك الأثري.
520 _aThesis has is divided into an introduction, a preface, 3 chapters, and Appendix of plates. The first chapter deals with the vocabulary that refers to the garden and its workers and questions about the garden’s designer. While the second chapter deduces garden design standards through describing and analyzing antiquities, texts, and inscriptions, the impact of environmental, religious, and functional factors on those standards. The third chapter presents a practical application of these standards by proposing to revive the garden of the archaeological site of the Karnak temple complex.
530 _aصدر أيضًا كقرص مدمج.
546 _aالنص بالعربية والملخص باللغة الإنجليزية والعربية.
650 7 _aالحدائق
_2qrmak
_xتنسيق
650 7 _aالحدائق
_xتخطيط مساحات
653 0 _aالعوامل البيئية والمناخية
_aالعوامل الدينية
_aالعوامل الوظيفية
700 0 _aزينب علي محمد محروس
_eمشرف أطروحة.
700 0 _aنهى أحمد عبد العزيز
_eمشرف أطروحة.
900 _b17-11-2024
_cزينب علي محمد محروس
_cنهى أحمد عبد العزيز
_dطارق سيد توفيق
_dسهام أبو سريع هارون
_Uجامعة القاهرة
_Fكلية الآثار
_Dقسم الآثار المصرية
905 _aSara
_eAfaf
942 _2ddc
_cTH
_e21
_n0
999 _c178756